Statistics for Empires in History

Click here to take the quiz!

General Stats

  • This quiz has been taken 19 times
  • The average score is 11 of 19

Answer Stats

Answer% Correct
British empire
100%
Mongol empire
93%
Japanese empire
86%
Roman empire
86%
Ottoman empire
79%
French empire
71%
Persian empire
64%
Russian empire
64%
Dutch empire
57%
Holy Roman Empire
50%
Nazi germany
50%
Spanish empire
50%
Austria-Hungary
43%
Byzantine empire
43%
Inca empire
36%
Macedonian empire
36%
Qing Dynasty
21%
Umayyad Dynasty
14%
Gupta empire
7%

Score Distribution

Percentile by Number Answered

Percent of People with Each Score

Your Score History

You have not taken this quiz